LEADER 00892nam a2200205 i 4500 001 000000251651 003 CaOOAMICUS 005 20161124000000.0 008 161124s1757 it u000 u ita u 013 $a230556 026 $al-r- roi, ala- cico (3) 1757 (R) 040 $aSeMil$bita 245 10$aTomo 3. 300 $a507, [5]] p. 500 $aSegn. : A-2I8. 773 0 $aCary, John $tStoria del commercio della Gran Brettagna scritta da John Cary mercatante di Bristol, tradotta in nostra volgar lingua da Pietro Genovesi ... Con un Ragionamento sul commercio in universale, e alcune annotazioni ... Di Antonio Genovesi ..$dIn Napoli : Per Benedetto Gessari, 1757.$g3$w()6814 850 $aSeMil 852 $aSeMil$W1$xVenegono$y1$m3M VII 3 FA$j201997$B201997$CSeMilBibl$Z2$F214425 $8I 961 $aRecupero: Mantegazza 996 $6245$aTomo 3$9(OLS)http://semarc/title/53129 LEADER 01309nas a2200265 i 4500 001 000000213580 003 CaOOAMICUS 005 20130108000000.0 008 120530b2012 it uu u0 0spa r 013 $a192435 040 $aSeMil$bita 245 10$a2012 /$cDirector Domingo García Guillén ; Consejo de redacción Francisco Conesa Ferrer, Vicente V. Sáez Gonzálvez, Pedro Luis Vives Pérez. 260 $aAlicante :$bObispado de Orihuela-Alicante,$ccopyr. 2012. 300 $a445 p. ;$c24 cm. 500 $aArticoli con sintesi in spagnolo [Resumen] e in inglese [Abstract] in testa. 700 1 $aGarcía Guillén, Domingo <1976->.$0(OLS)http://semarc/name/66782 700 1 $aVives Pérez, Pedro Luis.$0(OLS)http://semarc/name/44612 700 1 $aSáez Gonzálvez, Vicente V.$0(OLS)http://semarc/name/66783 700 1 $aConesa Ferrer, Francisco .$0(OLS)http://semarc/name/24085 773 0 $tFacies Domini.$dAlicante : Obispado de Orihuela-Alicante, 2009.$x1889-5662$w()21656 850 $aSeMil 852 $aSeMil$W1$xVenegono$y1$m178 5 4$j164010$B164010$CSeMilBibl$Z2$F179196 $85 961 $aCambio: Scuola Cattolica 996 $6245$a2012$9(OLS)http://semarc/title/303773 996 $6260$aAlicante :$bObispado de Orihuela-Alicante$9(OLS)http://semarc/publisher/35568